Entrepreneurial Finance (Record no. 5356)

MARC details
005 - DATE AND TIME OF LATEST TRANSACTION
control field 20250626132958.0
020 ## - INTERNATIONAL STANDARD BOOK NUMBER
International Standard Book Number 978-0-357-44204-3
082 ## - DEWEY DECIMAL CLASSIFICATION NUMBER
Classification number 658.152 LEA
100 ## - MAIN ENTRY--PERSONAL NAME
Author name MELICHER,L
245 ## - TITLE STATEMENT
Title Entrepreneurial Finance
250 ## - EDITION STATEMENT
Edition statement 7th Ed.
260 ## - PUBLICATION, DISTRIBUTION, ETC.
Place of publication, distribution, etc. Australia
Name of publisher, distributor, etc. Cengage
Date of publication, distribution, etc. 2018
300 ## - PHYSICAL DESCRIPTION
Extent xvii,696p.;ills,tables
Other physical details Glossary,Index
Dimensions 26cm
700 ## - ADDED ENTRY--PERSONAL NAME
Other authors/Editors Ronald W Melicher
942 ## - ADDED ENTRY ELEMENTS (KOHA)
Source of classification or shelving scheme Dewey Decimal Classification
Koha item type Books
Holdings
Date last seen Total checkouts Full call number Barcode Cost, replacement price Price effective from Koha item type Lost status Source of classification or shelving scheme Damaged status Not for loan Withdrawn status Home library Current library Shelving location Date acquired Source of acquisition Cost, normal purchase price
06/26/2025   658.152 LEA MZA0002262 450000.00 06/26/2020 Books   Dewey Decimal Classification       CBE Mwanza CBE Mwanza Special Reserve Collection 06/26/2025 Library Budget 150000.00
06/26/2025   658.152 LEA MZA0002263 450000.00 06/26/2020 Books   Dewey Decimal Classification       CBE Mwanza CBE Mwanza Special Reserve Collection 06/26/2025 Library Budget 150000.00
06/26/2025   658.152 LEA MZA0002264 450000.00 06/26/2020 Books   Dewey Decimal Classification       CBE Mwanza CBE Mwanza Special Reserve Collection 06/26/2025 Library Budget 150000.00